تخطي إلى المحتوى
Inicio
Centros participantes
Catálogo
Servicios
Contacto
تسجيل الدخول
English
Deutsch
Español
Français
Italiano
日本語
Nederlands
Português
Português (Brasil)
中文(简体)
中文(繁體)
Türkçe
עברית
Gaeilge
Cymraeg
Ελληνικά
Català
Euskara
Русский
Čeština
Suomi
Svenska
polski
Dansk
slovenščina
اللغة العربية
বাংলা
Galego
Tiếng Việt
Hrvatski
हिंदी
Հայերէն
Українська
Sámegiella
اللغة
كل الحقول
العنوان
المؤلف
الموضوع
رقم الاستدعاء
ردمك/تدمد
الوسم
ابحث
بحث متقدم
La crisis en Guatemala
استشهد بهذا
أرسل هذا بالبريد الإلكتروني
طباعة
تصدير التسجيلة
تصدير إلى RefWorks
تصدير إلى EndNoteWeb
تصدير إلى EndNote
أضف إلى المفضلة
رابط دائم
إضافة أول تقييم
La crisis en Guatemala
محفوظ في:
التفاصيل البيبلوغرافية
المؤلف الرئيسي:
Poitevin Dardon, René
التنسيق:
نص
منشور في:
San José:
CSUCA
الوسوم:
إضافة وسم
لا توجد وسوم, كن أول من يضع وسما على هذه التسجيلة!
المقتنيات
الوصف
التعليقات
مواد مشابهة
عرض للأخصائي
MARC
LEADER
00000 a a2200000 04500
001
20871
003
040
090
|a
089400
100
|a
Poitevin Dardon, René
245
|a
La crisis en Guatemala
260
|a
San José:
|b
CSUCA
300
|a
22 p.
999
|c
16275
|d
16275
مواد مشابهة
Apuntes "Curso sobre la problemática actual" /
Análisis de la Federación de Cooperativas de Ahorro y Crédito de Nicaragua (FECACNIC) /
حسب: Morey, Jorge
Plan de acción 1978. Plan de Desarrollo
Movimientos populares. Derecho, orden y moral vigentes: transición? (Centroamérica)
حسب: Sura, Alejandro
El Proceso de estructuración urbana de Managua: 1930-1979
حسب: Godoy Blanco, Julio César